| 000 | 00000nam 2200000zi 4500 |
| 001 | 9.943059 |
| 003 | CaOODSP |
| 005 | 20250109141023 |
| 006 | m o d f |
| 007 | cr |n||||||||| |
| 008 | 240910e202409 oncbd ob f000 0 fre d |
| 020 | |a9780660735672 |
| 040 | |aCaOODSP|bfre|erda|cCaOODSP |
| 043 | |an-cn-nf |
| 086 | 1 |aFs70-5/2024-067F-PDF |
| 100 | 1 |aBaker, K. D., |eauteur. |
| 245 | 10|aDétermination d'un point de référence limite pour la crevette ésope (Pandalus montagui) de la zone de pêche à la crevette 4 / |cK.D. Baker, S.C. Anderson, W. Coffey, D.R.J. Mullowney, W. Walkusz et K.R. Skanes. |
| 264 | 1|aOttawa (Ontario) : |bSecrétariat canadien de consultation scientifique (SCCS), |cseptembre 2024. |
| 264 | 4|c©2024 |
| 300 | |a1 ressource en ligne (iv, 29 pages) : |bcartes, graphiques. |
| 336 | |atexte|btxt|2rdacontent/fre |
| 337 | |ainformatique|bc|2rdamedia/fre |
| 338 | |aressource en ligne|bcr|2rdacarrier/fre |
| 490 | 1 |aDocument de recherche, |x2292-4272 ; |v2024/067 |
| 500 | |aPublié aussi en anglais sous le titre : Identifying a limit reference point for striped shrimp (Pandalus montagui) in shrimp fishing area 4. |
| 504 | |aComprend des références bibliographiques (pages 15-17). |
| 650 | 6|aCrevettes|xPêche commerciale|zTerre-Neuve-et-Labrador|xGestion. |
| 650 | 6|aCrevettes|xPopulations|zTerre-Neuve-et-Labrador. |
| 710 | 2 |aSecrétariat canadien de consultation scientifique, |eorganisme de publication. |
| 710 | 1 |aCanada. |bMinistère des pêches et des océans, |eorganisme de publication. |
| 775 | 08|tIdentifying a limit reference point for striped shrimp (Pandalus montagui) in shrimp fishing area 4 / |w(CaOODSP)9.943057 |
| 830 | #0|aDocument de recherche (Secrétariat canadien de consultation scientifique)|v2024/067.|w(CaOODSP)9.503788 |
| 856 | 40|qPDF|s1.60 Mo|uhttps://publications.gc.ca/collections/collection_2025/mpo-dfo/fs70-5/Fs70-5-2024-067-fra.pdf |